El verdadero móvil del crímen en el túnel de Ernesto Sábato /

Guardado en:
Bibliografiske detaljer
Hovedforfatter: Pacheco Acuña, Gilda
Format: Ukendt
Sprog:Spanish
Fag:
Tags: Tilføj Tag
Ingen Tags, Vær først til at tagge denne postø!

MARC

LEADER 000000000a22000000004500
001 007145
041 0 |a spa 
100 1 |a Pacheco Acuña, Gilda 
245 1 3 |a El verdadero móvil del crímen en el túnel de Ernesto Sábato /   |c Gilda Pacheco Acuña. 
310 |a semestral 
650 4 |a SABATO, ERNESTO, 1911- 
650 4 |a EL TUNEL 
650 4 |a LITERATURA ARGENTINA 
650 4 |a NOVELA 
650 4 |a HISTORIA Y CRÍTICA 
773 0 |d Heredia, Costa Rica : Instituto de Estudios Latinoamericanos (IDELA)  |t Repertorio Americano. Nueva Época  |g número 4 (1997), páginas 65-70 
942 |c ARC 
999 |c 13263  |d 13263